Fuzzy Graph Theory with Applications to Human Trafficking

This book reports on advanced concepts in fuzzy graph theory, showing a set of tools that can be successfully applied to understanding and modeling illegal human trafficking. Building on the previous book on fuzzy graph by the same authors, which set the fundamentals for readers to understand this d...

Full description

Bibliographic Details
Main Authors: Mordeson, John N. (Author, http://id.loc.gov/vocabulary/relators/aut), Mathew, Sunil (http://id.loc.gov/vocabulary/relators/aut), Malik, Davender S. (http://id.loc.gov/vocabulary/relators/aut)
Corporate Author: SpringerLink (Online service)
Format: Electronic eBook
Language:English
Published: Cham : Springer International Publishing : Imprint: Springer, 2018.
Edition:1st ed. 2018.
Series:Studies in Fuzziness and Soft Computing, 365
Subjects:
Online Access:Full Text via HEAL-Link
LEADER 03390nam a2200577 4500
001 978-3-319-76454-2
003 DE-He213
005 20191022051415.0
007 cr nn 008mamaa
008 180314s2018 gw | s |||| 0|eng d
020 |a 9783319764542  |9 978-3-319-76454-2 
024 7 |a 10.1007/978-3-319-76454-2  |2 doi 
040 |d GrThAP 
050 4 |a Q342 
072 7 |a UYQ  |2 bicssc 
072 7 |a TEC009000  |2 bisacsh 
072 7 |a UYQ  |2 thema 
082 0 4 |a 006.3  |2 23 
100 1 |a Mordeson, John N.  |e author.  |4 aut  |4 http://id.loc.gov/vocabulary/relators/aut 
245 1 0 |a Fuzzy Graph Theory with Applications to Human Trafficking  |h [electronic resource] /  |c by John N. Mordeson, Sunil Mathew, Davender S. Malik. 
250 |a 1st ed. 2018. 
264 1 |a Cham :  |b Springer International Publishing :  |b Imprint: Springer,  |c 2018. 
300 |a XIX, 250 p.  |b online resource. 
336 |a text  |b txt  |2 rdacontent 
337 |a computer  |b c  |2 rdamedia 
338 |a online resource  |b cr  |2 rdacarrier 
347 |a text file  |b PDF  |2 rda 
490 1 |a Studies in Fuzziness and Soft Computing,  |x 1434-9922 ;  |v 365 
505 0 |a Strengthening and Weakening Members of a Network -- Domination in Fuzzy Graphs -- Fuzzy Incidence Graphs -- Networks -- Complementary Fuzzy Incidence Graphs -- Human Trafficking: Source, Transit, Destination Designations -- Human Trafficking: Policy Intervention. 
520 |a This book reports on advanced concepts in fuzzy graph theory, showing a set of tools that can be successfully applied to understanding and modeling illegal human trafficking. Building on the previous book on fuzzy graph by the same authors, which set the fundamentals for readers to understand this developing field of research, this second book gives a special emphasis to applications of the theory. For this, authors introduce new concepts, such as intuitionistic fuzzy graphs, the concept of independence and domination in fuzzy graphs, as well as directed fuzzy networks, incidence graphs and many more. . 
650 0 |a Computational intelligence. 
650 0 |a Graph theory. 
650 0 |a Computer simulation. 
650 0 |a International criminal law. 
650 0 |a Game theory. 
650 1 4 |a Computational Intelligence.  |0 http://scigraph.springernature.com/things/product-market-codes/T11014 
650 2 4 |a Graph Theory.  |0 http://scigraph.springernature.com/things/product-market-codes/M29020 
650 2 4 |a Simulation and Modeling.  |0 http://scigraph.springernature.com/things/product-market-codes/I19000 
650 2 4 |a International Criminal Law .  |0 http://scigraph.springernature.com/things/product-market-codes/R19040 
650 2 4 |a Game Theory, Economics, Social and Behav. Sciences.  |0 http://scigraph.springernature.com/things/product-market-codes/M13011 
700 1 |a Mathew, Sunil.  |e author.  |4 aut  |4 http://id.loc.gov/vocabulary/relators/aut 
700 1 |a Malik, Davender S.  |e author.  |4 aut  |4 http://id.loc.gov/vocabulary/relators/aut 
710 2 |a SpringerLink (Online service) 
773 0 |t Springer eBooks 
776 0 8 |i Printed edition:  |z 9783319764535 
776 0 8 |i Printed edition:  |z 9783319764559 
776 0 8 |i Printed edition:  |z 9783030094942 
830 0 |a Studies in Fuzziness and Soft Computing,  |x 1434-9922 ;  |v 365 
856 4 0 |u https://doi.org/10.1007/978-3-319-76454-2  |z Full Text via HEAL-Link 
912 |a ZDB-2-ENG 
950 |a Engineering (Springer-11647)